Khảo sát tỷ lệ nhiễm Salmonella spp. trên vịt và ngan tại một số huyện thuộc tỉnh Hậu Giang : Luận văn thạc sỹ khoa học chuyên ngành thú y

Đề tài nhằm xác định tỷ lệ nhiễm Salmonella spp. trên mẫu phân, thịt và trứng vịt và ngan tại một số huyện thuộc tỉnh Hậu Giang. 780 mẫu được kiểm tra từ tháng 6/2010 đến tháng 7/2011 gồm thịt vịt, phân vịt, phân ngan, trứng ngan, trứng vịt....

Полное описание

Сохранить в:
Библиографические подробности
Главный автор: Đinh, Thị Bé Diễm
Формат:
Язык:Undetermined
Опубликовано: Cần Thơ Trường Đại học Cần Thơ 2011
Предметы:
Метки: Добавить метку
Нет меток, Требуется 1-ая метка записи!
Thư viện lưu trữ: Trung tâm Học liệu Trường Đại học Cần Thơ
LEADER 01231nam a2200229Ia 4500
001 CTU_173737
008 210402s9999 xx 000 0 und d
082 |a 636.597 
082 |b D304 
088 |a 60640101 
100 |a Đinh, Thị Bé Diễm 
245 0 |a Khảo sát tỷ lệ nhiễm Salmonella spp. trên vịt và ngan tại một số huyện thuộc tỉnh Hậu Giang : 
245 0 |b Luận văn thạc sỹ khoa học chuyên ngành thú y 
245 0 |c Đinh Thị Bé Diễm ; Trần Ngọc Bích ( Hướng dẫn khoa học) 
260 |a Cần Thơ 
260 |b Trường Đại học Cần Thơ 
260 |c 2011 
520 |a Đề tài nhằm xác định tỷ lệ nhiễm Salmonella spp. trên mẫu phân, thịt và trứng vịt và ngan tại một số huyện thuộc tỉnh Hậu Giang. 780 mẫu được kiểm tra từ tháng 6/2010 đến tháng 7/2011 gồm thịt vịt, phân vịt, phân ngan, trứng ngan, trứng vịt. 
650 |a Poultry,Gia cầm 
650 |x Diseases,Bệnh 
904 |i thúy phượng,Hải 
980 |a Trung tâm Học liệu Trường Đại học Cần Thơ